00825pam a2200229 a 4500001000800000005001700008008004100025020004100066020003800107040001800145082001900163100001900182245009800201260006400299300001300363650001300376650002800389650002600417650002000443856006600463856006600529214250420240202030750.0980601s1998 ii b 001 0 eng  a8170367298 (India : hb : alk. paper) a0761992715 (US : hb : alk. paper) aDLCcDLCdDLC00a306221bSAR. 1 aJoseph, Sarah.10aInterrogating culture :bcritical perspectives on contemporary social theory /cSarah Joseph. aNew Delhi ;aThousand Oaks, CA :bSage Publications,c1998. a198 p. ; 0aCulture. 0aPower (Social sciences) 0aKnowledge, Theory of. 0aSocial sciences41uhttp://www.loc.gov/catdir/enhancements/fy0657/98024649-t.html42uhttp://www.loc.gov/catdir/enhancements/fy0660/98024649-d.html